Géographie - Département par nombre de lettres - Statistiques

Statistiques générales
  • Ce quiz a été pris 85 fois
  • Le résultat moyen est 9 sur 20
Statistiques - réponses
HINT ANSWER % Correct
3 Ain|Lot|Var
100%
4 Jura|Cher|Aube|Nord|Oise|Eure|Orne|Aude|Gard|Gers|Tarn
100%
5 Drôme|Isère|Loire|Rhône|Doubs|Yonne|Indre|Marne|Meuse|Aisne|Somme|Paris
99%
8 Morbihan|Ardennes|Bas-Rhin|Yvelines|Calvados|Charente|Dordogne|Vaucluse
91%
6 Allier|Cantal|Savoie|Nièvre|Loiret|Vosges|Manche|Creuse|Landes|Vienne|Ariège|Lozère|Sarthe|Vendée
90%
7 Ardèche|Moselle|Essonne|Corrèze|Gironde|Aveyron|Hérault|Mayenne
84%
9 Côte-d'Or|Finistère|Haut-Rhin
63%
11 Haute-Loire|Puy-de-Dôme|Haute-Saône|Haute-Corse|Haute-Marne|Deux-Sèvres
36%
12 Haute-Savoie|Eure-et-Loir|Loir-et-Cher|Corse-du-Sud|Val-de-Marne|Haute-Vienne|Hautes-Alpes
34%
14 Saône-et-Loire|Indre-et-Loire|Seine-et-Marne|Hauts-de-Seine|Seine-Maritime|Lot-et-Garonne|Maine-et-Loire
31%
23 Alpes-de-Haute-Provence
28%
15 Ille-et-Vilaine|Hautes-Pyrénées|Tarn-et-Garonne|Alpes-Maritimes
28%
16 Loire-Atlantique|Bouches-du-Rhône
22%
17 Seine-Saint-Denis|Charente-Maritime
22%
19 Pyrénées-Orientales
21%
13 Côtes d'Armor|Pas-de-Calais|Haute-Garonne
19%
20 Pyrénées-Atlantiques
19%
18 Meurthe-et-Moselle
13%
21 Territoire-de-Belfort
10%
10 Val-d'Oise
10%
Aucun quiz correspondant
Distribution des résultats
% des personnes avec chaque résultat
Percentile par nombre de réponses
Votre historique - résultats
Vous n’avez pas pris ce quiz